<?xml version="1.0" encoding="UTF-8"?>
<record
    xmlns:xsi="http://www.w3.org/2001/XMLSchema-instance"
    xsi:schemaLocation="http://www.loc.gov/MARC21/slim http://www.loc.gov/standards/marcxml/schema/MARC21slim.xsd"
    xmlns="http://www.loc.gov/MARC21/slim">

  <leader>01568nam a22003017a 4500</leader>
  <controlfield tag="003">NALT</controlfield>
  <controlfield tag="005">20260205141335.0</controlfield>
  <controlfield tag="008">      s2557    th                  tha d</controlfield>
  <datafield tag="020" ind1=" " ind2=" ">
    <subfield code="a">9786163618245</subfield>
  </datafield>
  <datafield tag="040" ind1=" " ind2=" ">
    <subfield code="a">NALT</subfield>
  </datafield>
  <datafield tag="041" ind1=" " ind2=" ">
    <subfield code="a">tha</subfield>
  </datafield>
  <datafield tag="050" ind1=" " ind2=" ">
    <subfield code="a">JZ 1305 </subfield>
    <subfield code="b">&#xE08;658&#xE25; 2557</subfield>
  </datafield>
  <datafield tag="100" ind1="0" ind2=" ">
    <subfield code="a">&#xE08;&#xE38;&#xE25;&#xE0A;&#xE35;&#xE1E; &#xE0A;&#xE34;&#xE19;&#xE27;&#xE23;&#xE23;&#xE42;&#xE13;.</subfield>
    <subfield code="9">21730</subfield>
  </datafield>
  <datafield tag="245" ind1="1" ind2="0">
    <subfield code="a">&#xE42;&#xE25;&#xE01;&#xE43;&#xE19;&#xE28;&#xE15;&#xE27;&#xE23;&#xE23;&#xE29;&#xE17;&#xE35;&#xE48; 21 &#xE01;&#xE23;&#xE2D;&#xE1A;&#xE01;&#xE32;&#xE23;&#xE27;&#xE34;&#xE40;&#xE04;&#xE23;&#xE32;&#xE30;&#xE2B;&#xE4C;&#xE04;&#xE27;&#xE32;&#xE21;&#xE2A;&#xE31;&#xE21;&#xE1E;&#xE31;&#xE19;&#xE18;&#xE4C;&#xE23;&#xE30;&#xE2B;&#xE27;&#xE48;&#xE32;&#xE07;&#xE1B;&#xE23;&#xE30;&#xE40;&#xE17;&#xE28; /</subfield>
    <subfield code="c">&#xE08;&#xE38;&#xE25;&#xE0A;&#xE35;&#xE1E; &#xE0A;&#xE34;&#xE19;&#xE27;&#xE23;&#xE23;&#xE42;&#xE13;.</subfield>
  </datafield>
  <datafield tag="260" ind1=" " ind2=" ">
    <subfield code="a">&#xE01;&#xE23;&#xE38;&#xE07;&#xE40;&#xE17;&#xE1E;&#xE2F; : </subfield>
    <subfield code="b">&#xE42;&#xE23;&#xE07;&#xE1E;&#xE34;&#xE21;&#xE1E;&#xE4C;&#xE41;&#xE2B;&#xE48;&#xE07;&#xE08;&#xE38;&#xE2C;&#xE32;&#xE25;&#xE07;&#xE01;&#xE23;&#xE13;&#xE4C;&#xE21;&#xE2B;&#xE32;&#xE27;&#xE34;&#xE17;&#xE22;&#xE32;&#xE25;&#xE31;&#xE22;, </subfield>
    <subfield code="c">2557.</subfield>
  </datafield>
  <datafield tag="300" ind1=" " ind2=" ">
    <subfield code="a">453 &#xE2B;&#xE19;&#xE49;&#xE32; :</subfield>
    <subfield code="b">&#xE15;&#xE32;&#xE23;&#xE32;&#xE07; ;</subfield>
    <subfield code="c">24 &#xE0B;&#xE21;.</subfield>
  </datafield>
  <datafield tag="610" ind1="2" ind2="0">
    <subfield code="a">&#xE2A;&#xE2B;&#xE1B;&#xE23;&#xE30;&#xE0A;&#xE32;&#xE0A;&#xE32;&#xE15;&#xE34;</subfield>
    <subfield code="9">27252</subfield>
  </datafield>
  <datafield tag="650" ind1=" " ind2="4">
    <subfield code="a">&#xE01;&#xE32;&#xE23;&#xE04;&#xE49;&#xE32;&#xE40;&#xE2A;&#xE23;&#xE35;</subfield>
    <subfield code="9">31118</subfield>
  </datafield>
  <datafield tag="650" ind1=" " ind2="4">
    <subfield code="a">&#xE04;&#xE27;&#xE32;&#xE21;&#xE2A;&#xE31;&#xE21;&#xE1E;&#xE31;&#xE19;&#xE18;&#xE4C;&#xE17;&#xE32;&#xE07;&#xE40;&#xE28;&#xE23;&#xE29;&#xE10;&#xE01;&#xE34;&#xE08;&#xE23;&#xE30;&#xE2B;&#xE27;&#xE48;&#xE32;&#xE07;&#xE1B;&#xE23;&#xE30;&#xE40;&#xE17;&#xE28;</subfield>
    <subfield code="9">6318</subfield>
  </datafield>
  <datafield tag="650" ind1=" " ind2="4">
    <subfield code="a">&#xE01;&#xE0E;&#xE2B;&#xE21;&#xE32;&#xE22;&#xE23;&#xE30;&#xE2B;&#xE27;&#xE48;&#xE32;&#xE07;&#xE1B;&#xE23;&#xE30;&#xE40;&#xE17;&#xE28;</subfield>
    <subfield code="9">9812</subfield>
  </datafield>
  <datafield tag="650" ind1=" " ind2="4">
    <subfield code="a">&#xE2D;&#xE07;&#xE04;&#xE4C;&#xE01;&#xE32;&#xE23;&#xE23;&#xE30;&#xE2B;&#xE27;&#xE48;&#xE32;&#xE07;&#xE1B;&#xE23;&#xE30;&#xE40;&#xE17;&#xE28;</subfield>
    <subfield code="9">2583</subfield>
  </datafield>
  <datafield tag="650" ind1=" " ind2="4">
    <subfield code="a">&#xE04;&#xE27;&#xE32;&#xE21;&#xE23;&#xE48;&#xE27;&#xE21;&#xE21;&#xE37;&#xE2D;&#xE23;&#xE30;&#xE2B;&#xE27;&#xE48;&#xE32;&#xE07;&#xE1B;&#xE23;&#xE30;&#xE40;&#xE17;&#xE28;</subfield>
    <subfield code="9">17899</subfield>
  </datafield>
  <datafield tag="650" ind1=" " ind2="4">
    <subfield code="a">&#xE04;&#xE27;&#xE32;&#xE21;&#xE2A;&#xE31;&#xE21;&#xE1E;&#xE31;&#xE19;&#xE18;&#xE4C;&#xE23;&#xE30;&#xE2B;&#xE27;&#xE48;&#xE32;&#xE07;&#xE1B;&#xE23;&#xE30;&#xE40;&#xE17;&#xE28;</subfield>
    <subfield code="9">7010</subfield>
  </datafield>
  <datafield tag="850" ind1=" " ind2=" ">
    <subfield code="a">NALT</subfield>
  </datafield>
  <datafield tag="942" ind1=" " ind2=" ">
    <subfield code="c">GB</subfield>
    <subfield code="2">lcc</subfield>
  </datafield>
  <datafield tag="996" ind1=" " ind2=" ">
    <subfield code="a">saiphon.d</subfield>
    <subfield code="b">CATSTF	</subfield>
    <subfield code="c">2023-03-17</subfield>
  </datafield>
  <datafield tag="999" ind1=" " ind2=" ">
    <subfield code="c">72080</subfield>
    <subfield code="d">72080</subfield>
  </datafield>
  <datafield tag="998" ind1=" " ind2=" ">
    <subfield code="j">8</subfield>
    <subfield code="k"> &#xE19;&#xE32;&#xE22;&#xE1A;&#xE31;&#xE13;&#xE11;&#xE34;&#xE15;  &#xE2D;&#xE38;&#xE17;&#xE32;&#xE27;&#xE07;&#xE04;&#xE4C;</subfield>
  </datafield>
  <datafield tag="952" ind1=" " ind2=" ">
    <subfield code="0">0</subfield>
    <subfield code="1">0</subfield>
    <subfield code="2">lcc</subfield>
    <subfield code="4">0</subfield>
    <subfield code="7">0</subfield>
    <subfield code="8">CGBL</subfield>
    <subfield code="a">NALT</subfield>
    <subfield code="b">NALT</subfield>
    <subfield code="c">GEN</subfield>
    <subfield code="d">2021-07-29</subfield>
    <subfield code="e">&#xE08;&#xE31;&#xE14;&#xE0B;&#xE37;&#xE49;&#xE2D;&#xE17;&#xE23;&#xE31;&#xE1E;&#xE22;&#xE32;&#xE01;&#xE23;</subfield>
    <subfield code="l">24</subfield>
    <subfield code="m">17</subfield>
    <subfield code="o">JZ 1305 &#xE08;658&#xE25; 2557</subfield>
    <subfield code="p">3961195771</subfield>
    <subfield code="r">2024-08-28 00:00:00</subfield>
    <subfield code="s">2024-08-16</subfield>
    <subfield code="t">&#xE09;.2</subfield>
    <subfield code="w">2017-06-09</subfield>
    <subfield code="y">GB</subfield>
  </datafield>
  <datafield tag="952" ind1=" " ind2=" ">
    <subfield code="0">0</subfield>
    <subfield code="1">0</subfield>
    <subfield code="2">lcc</subfield>
    <subfield code="4">0</subfield>
    <subfield code="7">0</subfield>
    <subfield code="8">CGBL</subfield>
    <subfield code="a">NALT</subfield>
    <subfield code="b">NALT</subfield>
    <subfield code="c">GEN</subfield>
    <subfield code="d">2021-07-29</subfield>
    <subfield code="e">&#xE08;&#xE31;&#xE14;&#xE0B;&#xE37;&#xE49;&#xE2D;&#xE17;&#xE23;&#xE31;&#xE1E;&#xE22;&#xE32;&#xE01;&#xE23;</subfield>
    <subfield code="l">16</subfield>
    <subfield code="m">8</subfield>
    <subfield code="o">JZ 1305 &#xE08;658&#xE25; 2557</subfield>
    <subfield code="p">3961195772</subfield>
    <subfield code="r">2025-09-05 00:00:00</subfield>
    <subfield code="s">2025-08-21</subfield>
    <subfield code="t">&#xE09;.1</subfield>
    <subfield code="w">2017-06-09</subfield>
    <subfield code="y">GB</subfield>
  </datafield>
  <datafield tag="952" ind1=" " ind2=" ">
    <subfield code="0">0</subfield>
    <subfield code="1">0</subfield>
    <subfield code="2">lcc</subfield>
    <subfield code="4">0</subfield>
    <subfield code="7">0</subfield>
    <subfield code="8">CSEN</subfield>
    <subfield code="a">NALT</subfield>
    <subfield code="b">NALT</subfield>
    <subfield code="c">GEN</subfield>
    <subfield code="d">2021-12-08</subfield>
    <subfield code="l">8</subfield>
    <subfield code="m">6</subfield>
    <subfield code="o">JZ 1305 &#xE08;658&#xE25; 2557</subfield>
    <subfield code="p">0100007309001</subfield>
    <subfield code="r">2026-02-18 00:00:00</subfield>
    <subfield code="s">2026-02-05</subfield>
    <subfield code="w">2021-12-08</subfield>
    <subfield code="y">GB</subfield>
  </datafield>
</record>
